| 000 | 00489nam a2200193Ia 4500 | ||
|---|---|---|---|
| 003 | GCL | ||
| 008 | 140319s9999 xx 000 0 eng d | ||
| 040 |
_aGCL / _cGCL |
||
| 082 | 0 | 4 |
_a684.104 _bP A |
| 100 | 1 | _aPROCHNOW, KATHY | |
| 245 | 1 | 0 |
_aTHE ART OF FINE FURNITURE BUILDING / _cPROCHNOW, KATHY |
| 260 |
_a[S.N] : _bBETTERWAY BOOKS ، _c1993 |
||
| 300 | _a174 P | ||
| 650 | 0 | 4 | _aDESIGN |
| 650 | 0 | 4 | _aDECORATION |
| 650 | 0 | 4 | _aFURNITURE |
| 650 | 0 | 4 | _aWOOD FURNITURE |
| 942 |
_2ddc _cBK |
||
| 999 |
_c20694 _d20694 |
||